01642nam a2200301 a 450000100100000000500170001000800410002704000250006808200180009310000250011124501160013626000340025230000210028649000090030749000310031650400340034765000450038165000650042671000850049183000380057683000160061495201300063095201300076095201960089095201160108695201210120299900170132300001595420250502073819.0100222s1985 dr r 000 0 spa d aDO-SdBNPbspacBNPHU a352.23bV468p1 aVentura, Juan93478410aPresidentes, juntas, consejos, triunviratos y gabinetes de la República Dominicana 1844-1944 /cJuan Ventura. aSanto Domingo :bONAP,c1985. a147 p. ;c22 cm.1 aONAP1 aDocumentos históricosv6 aBibliografía : p. 141 - 144 4aPresidenteszRepública Dominicana9599 4aJefes de estadoxRepública dominicanaxCronología9358471 aRepública Dominicana.bOficina Nacional de Administración y Personal 926398 0aDocumentos históricosn6935848 aONAP910860 001054708DSaGRbGRcHDd2010-02-22iLF1l0o352.23 V468pp15954-30r2020-06-25te.3w2020-06-25yLFDSZPréstamo en sala 001054708DSaGRbGRcHDd2011-02-01iLF1l0o352.23 V468pp15954-40r2020-06-25te.4w2020-06-25yLFDSZPréstamo en sala 001054708DSaGRbGRcHDd2019-06-26iLF1l0o352.23 V468pp15954-50r2020-06-25te.5w2020-06-25yLFDSzPerteneció a la biblioteca personal de la familia Reyes Duluc.ZPréstamo en sala 0010718PDaPDbPDcHDd2010-02-22iLF1l0o352.23 V468pp15954-10r2020-06-25w2020-06-25yLFPDZNo se presta 0010718PDaPDbPDcHDd2010-02-22iLF1l0o352.23 V468pp15954-20r2020-06-25te.2w2020-06-25yLFPDZNo se presta c15496d15496